Central Library OPAC University of Rajshahi

Philip Massinger / (Record no. 62736)

MARC details
000 -LEADER
fixed length control field 00801nam a2200253 a 4500
001 - CONTROL NUMBER
control field 62736
003 - CONTROL NUMBER IDENTIFIER
rucl marc code BD-RjUL
005 - DATE AND TIME OF LATEST TRANSACTION
control field 20211209081122.0
008 - FIXED-LENGTH DATA ELEMENTS--GENERAL INFORMATION
fixed length control field 170125m19201971enkch b 000 0beng d
035 ## - SYSTEM CONTROL NUMBER
System control number BD-RjUL 62863
System control number 21-00120
040 ## - CATALOGING SOURCE
Original cataloging agency DLC
Transcribing agency DGU
Modifying agency DGU
-- SER
Language of cataloging eng
041 ## - LANGUAGE CODE
Language code of text/sound track or separate title eng
082 ## - DEWEY DECIMAL CLASSIFICATION NUMBER
Edition number 23
Classification number 822
Author mark and year CRP 1971
100 1# - MAIN ENTRY--PERSONAL NAME
Personal name Cruickshank, Alfred Hamilton,
Dates associated with a name 1862-1927.
9 (RLIN) 186484
245 10 - TITLE STATEMENT
Title Philip Massinger /
Statement of responsibility, etc. by A.H. Cruickshank ...
260 ## - PUBLICATION, DISTRIBUTION, ETC. (IMPRINT)
Place of publication, distribution, etc. Oxford :
Name of publisher, distributor, etc. Blackwell,
Date of publication, distribution, etc. 1971
300 ## - PHYSICAL DESCRIPTION
Pagination vii, 228 p. :
Illustrations ill. ;
Size 22 cm
504 ## - BIBLIOGRAPHY, ETC. NOTE
Bibliography, etc Bibliography: p. 223-225
600 10 - SUBJECT ADDED ENTRY--PERSONAL NAME
Personal name Massinger, Philip,
Dates associated with a name 1583-1640.
856 41 - ELECTRONIC LOCATION AND ACCESS
Materials specified Bodleian Library M. adds. 37 e.21
Uniform Resource Identifier <a href="http://purl.ox.ac.uk/uuid/871eb48024ec48c1a2a795b1b67a45d5">http://purl.ox.ac.uk/uuid/871eb48024ec48c1a2a795b1b67a45d5</a>
942 ## - ADDED ENTRY ELEMENTS (KOHA)
Source of classification or shelving scheme Dewey Decimal Classification
Koha item type Books
Holdings
Lost status Source of classification or shelving scheme Damaged status Not for loan Collection code Permanent Location Current Location Shelving location Date acquired Total Checkouts Full call number Date last seen Copy number Koha item type
  Dewey Decimal Classification   Not For Loan Fiction Central Library, University of Rajshahi Central Library, University of Rajshahi Reading Room 20/10/1985   822 CRP 1971 25/01/2017 C-1 Books